Designed to win : Strategies for building a thriving global business

Guardat en:
Dades bibliogràfiques
Autor principal:  Yoshihara, Hiroaki
Format: Sách
Idioma:Undetermined
Publicat:  McGraw-Hill  2006
Matèries:
Etiquetes: Afegir etiqueta
Sense etiquetes, Sigues el primer a etiquetar aquest registre!
Thư viện lưu trữ: Trung tâm Thư viện - Trường Đại học Công nghiệp TP. Hồ Chí Minh
LEADER 00526nam a2200157Ia 4500
001 UIH_05248
008 231011s9999 xx 000 0 und d
082 |a  658.4 
100 |a  Yoshihara, Hiroaki 
245 0 |a  Designed to win : Strategies for building a thriving global business 
245 0 |c  Yoshihara, Hiroaki 
260 |b  McGraw-Hill 
260 |c  2006 
650 |a  Chiến lược kinh doanh;  
927 |a Sách 
980 |a Trung tâm Thư viện - Trường Đại học Công nghiệp TP. Hồ Chí Minh